Modelovanie biologických účinkov žiarenia mobilných telefónov
Na minha lista:
| Autor principal: | |
|---|---|
| Outros Autores: | |
| Formato: | Manuscrito Livro |
| Idioma: | eslovaco |
| Publicado em: |
Bratislava :
STU v Bratislave FEI,
2012
|
| Assuntos: | |
| Acesso em linha: | VAIS |
| Tags: |
Sem tags, seja o primeiro a adicionar uma tag!
|
MARC
| LEADER | 00000ntm a22000003a 4500 | ||
|---|---|---|---|
| 001 | stu252063 | ||
| 005 | 20150617230228.1 | ||
| 008 | 120720s2012----xo------------------slo-d | ||
| 040 | |a STU |b slo | ||
| 041 | 0 | |a slo | |
| 044 | |a xo | ||
| 100 | 1 | |a Kovács, Péter, |d 1987- |4 aut |u E |T FEI Fakulta elektrotechniky a informatiky |X 50262 |U E |Y 30 |7 A000050262 | |
| 242 | 0 | 0 | |a Modeling of the biological effects of the mobile phones radiation |y eng |
| 245 | 1 | |a Modelovanie biologických účinkov žiarenia mobilných telefónov | |
| 260 | |a Bratislava : |b STU v Bratislave FEI, |c 2012 | ||
| 300 | |a 68 s | ||
| 650 | 7 | |a Telecommunications |2 estusub | |
| 650 | 7 | |a simulation |2 estusub | |
| 650 | 7 | |a frekvencia |2 stusub | |
| 700 | 1 | |a Cocherová, Elena, |d 1970- |4 ths |u E030 |U FEI Fakulta elektrotechniky a informatiky |T FEI Ústav elektroniky a fotoniky |X 1900 |U E030 |Y 549 |7 A000001900 | |
| 856 | 4 | |a info a plný text |u http://is.stuba.sk/zp/portal_zp.pl?podrobnosti=82044 |3 VAIS | |
| 996 | |b 284EP10219 |c E*DIPL-10219 |l EE37 |s P |a 0 |w stu252063_0001 | ||